LEADER 00711nam0-22002771i-450- 001 990003343590403321 005 20001010 035 $a000334359 035 $aFED01000334359 035 $a(Aleph)000334359FED01 035 $a000334359 100 $a20001010d--------km-y0itay50------ba 101 0 $aita 105 $ay-------001yy 200 1 $aFramely Personage 210 $aLONDON$cEVERYMAN'S LIBRARY$d1973 676 $a044 700 1$aTrollope,$bAnthony$f<1815-1882>$0166255 801 0$aIT$bUNINA$gRICA$2UNIMARC 901 $aBK 912 $a990003343590403321 952 $a044 TRO /2$bLINGUE 2167$fDECLI 959 $aDECLI 996 $aFramely Personage$9442747 997 $aUNINA DB $aING01 LEADER 02428nam 22006615u 450 001 9910157655903321 005 20211006145155.0 010 $a9783318036077 010 $a3318036072 035 $a(CKB)3780000000101835 035 $a(OCoLC)1046112728 035 $a(SZ-BaSKA)222274 035 $a(MiAaPQ)EBC31866713 035 $a(Au-PeEL)EBL31866713 035 $a(EXLCZ)993780000000101835 100 $a20211006d1992 uy 0 101 0 $aeng 135 $aurunu||||| 181 $ctxt$2rdacontent 182 $cc$2rdamedia 183 $acr$2rdacarrier 200 10$aNutrition and Cardiovascular Risks : $e29th Symposium of the Group of European Nutritionists, Balatonföldvár, April 1992 / $f editors, J.C. Somogyi, G. Biró, D. Hötzel 205 $a1st ed. 210 $aBasel : $cS. Karger, $d1992 215 $a1 online resource (VIII + 154 pages) : $c 21 figures, 39 tables 225 1 $aIssn Series 311 08$a9783805555548 311 08$a3805555547 327 $a978-3-8055-5554-8_Cover -- 978-3-8055-5554-8_00I -- 978-3-8055-5554-8_001 -- 978-3-8055-5554-8_010 -- 978-3-8055-5554-8_018 -- 978-3-8055-5554-8_024 -- 978-3-8055-5554-8_036 -- 978-3-8055-5554-8_047 -- 978-3-8055-5554-8_059 -- 978-3-8055-5554-8_066 -- 978-3-8055-5554-8_079 -- 978-3-8055-5554-8_083 -- 978-3-8055-5554-8_093 -- 978-3-8055-5554-8_102 -- 978-3-8055-5554-8_111 -- 978-3-8055-5554-8_125 -- 978-3-8055-5554-8_131 -- 978-3-8055-5554-8_137 -- 978-3-8055-5554-8_144 -- 978-3-8055-5554-8_151. 410 0$aIssn Series 606 $aNutrition 606 $aBehavioral Research 606 $aCardiovascular System 606 $aMetabolism 606 $aMolecular Biology 606 $aArteriosclerosis 606 $aEpidemiology 606 $aPediatrics 615 14$aNutrition 615 14$aBehavioral Research 615 14$aCardiovascular System 615 14$aMetabolism 615 14$aMolecular Biology 615 24$aArteriosclerosis 615 24$aEpidemiology 615 24$aPediatrics 676 $a613.2 s 676 $a616.1/071 700 $aSomogyi$b J.C 701 $aSomogyi$b J. C$g(Johann Carl)$01230448 701 $aBi?ro?$b Gyo?rgy$cDr.$01233851 701 $aHo?tzel$b D$g(Dieter)$01230961 801 0$bUKSKG 801 1$bUKSKG 906 $aBOOK 912 $a9910157655903321 996 $aNutrition and Cardiovascular Risks$92865811 997 $aUNINA